Edinburgh 2010 (Record no. 17998)

MARC details
000 -LEADER
fixed length control field 00562nam a2200229 a 4500
020 ## - INTERNATIONAL STANDARD BOOK NUMBER
ISBN 9781870345767
082 00 - DEWEY DECIMAL CLASSIFICATION NUMBER
Classification number 266
Author Cutter KER
100 ## - MAIN ENTRY--AUTHOR NAME
Author name Kerr, David A
245 ## - TITLE STATEMENT
Title Edinburgh 2010
Sub title Mission Then and Now
260 ## - PUBLICATION, DISTRIBUTION, ETC. (IMPRINT)
Place of publication Oxford, UK
Name of publisher Regnum Books
Year of publication 2009
300 ## - PHYSICAL DESCRIPTION
Number of Pages 343p
500 ## - GENERAL NOTE
General note includes index and biblioraphy
650 ## - SUBJECT ADDED ENTRY--TOPICAL TERM
Topical Term Missions
942 ## - ADDED ENTRY ELEMENTS (KOHA)
Koha item type Books
700 1# -
-- Kerr, David A
Holdings
Collection code Home library Current library Date acquired Cost, normal purchase price Full call number Accession Number Koha item type
  Henry Martyn Institute Library Henry Martyn Institute Library 01/08/2014 0.00 266 KER 11002695 Books
                   Copyright © 2026 | Henry Martyn Institute | Hyderabad | TS-500052 | INDIA | Implemented by hmi.edu.in
Hit-Count:

Powered by Koha